• 首页
  • 本馆介绍
  • 公告通知
  • 最新文献
  • 馆藏检索
  • 电子资源
  • 读者导购
  • 参考咨询
  • 我的图书馆
  • 登录
  • 详细信息显示
  • 放入我的书架
  • 预约/预借图书
  • 作者相关作品
  • 分类相关作品
  • 丛书相关作品
  • 出版社相关作品

书目信息

  • 表格格式
  • 工作单格式
  • 卡片格式
题名:
中国汽车制造企业绿色竞争能力研究
    
 
作者: 李远慧 著
分册:  
出版信息: 北京   北京交通大学出版社  2019
页数: 222页
开本: 24cm
丛书名:
单 册:
中图分类: F426.471 , F426.4
科图分类:
主题词: 汽车工业--工业企业--企业竞争--研究--中国
电子资源:
ISBN: 978-7-5121-3536-9
000 01890nam0 2200253 450
001 2332013333
005 20231105085346.80
010    @a978-7-5121-3536-9@dCNY59.00
100    @a20200408d2019 em y0chiy50 ea
101 0  @achi
102    @aCN@b110000
105    @aak az 000yy
200 1  @a中国汽车制造企业绿色竞争能力研究@Azhong guo qi che zhi zao qi ye lu se jing zheng neng li yan jiu@f李远慧著
210    @a北京@c北京交通大学出版社@d2019
215    @a222页@c图@d24cm
314    @a李远慧,北京交通大学经济管理学院副教授,管理学博士,中国注册会计师,中国注册税务师。主持多个省部级项目,曾主持编写多部著作,教材,广受社会好评。
320    @a有书目(第208-222页)
330    @a《中国汽车制造企业绿色竞争能力研究》聚焦制造企业生产现场的知识管理问题,以“知行合一”的实践论为思想基础,以认知心理学的研究成果为理论依据,以知识管理与知识工程的方法和技术为研究手段,将制造企业生产现场管理中遇到的问题作为研究切入点,针对问题解决中产生和运用的知识,系统地研究生产现场管理中问题驱动知识获取与分析方法。研究内容包括:内容一:从生产现场知识管理实践、认知途径和情境基础三个角度,提出问题驱动知识获取与分析方法研究的新思路;内容二:在对问题解决过程中产生和运用知识的特征、类型和内容等进行深入分析的基础上,构建一个多层次、多维度、多粒度的问题驱动知识表示模型,实现对生产现场知识体系结构全面而系统的描述;内容三:以问题驱动知识表示模型为概念框架,提出两个阶段的问题驱动知识获取方法,完成从生产实践到经验积累、到知识升华,再回到生产实践的知识持续创造过程;内容四:基于问题驱动知识表示模型的定性和定量特征,提出面向生产现场的问题驱动知识分析方法,通过知识类型分析、知识水平分析、知识相似度计算、知识确定性计算等,切实为生产现场管理工作服务;内容五:将所提出理论、方法和技术应用于制造企业知识管理实践,验证其可行性和有效性。
606 0  @a汽车工业@x工业企业@x企业竞争@x研究@y中国
690    @aF426.471@v5
690    @aF426.4@v4
701  0 @a李远慧@Ali yuan hui@4著
801  0 @aCN@b91MARC@c20200408
905    @aZUCC@dF426.4@e41
    
    中国汽车制造企业绿色竞争能力研究/李远慧著.-北京:北京交通大学出版社,2019
    222页:图;24cm
    
    
    ISBN 978-7-5121-3536-9:CNY59.00
    《中国汽车制造企业绿色竞争能力研究》聚焦制造企业生产现场的知识管理问题,以“知行合一”的实践论为思想基础,以认知心理学的研究成果为理论依据,以知识管理与知识工程的方法和技术为研究手段,将制造企业生产现场管理中遇到的问题作为研究切入点,针对问题解决中产生和运用的知识,系统地研究生产现场管理中问题驱动知识获取与分析方法。研究内容包括:内容一:从生产现场知识管理实践、认知途径和情境基础三个角度,提出问题驱动知识获取与分析方法研究的新思路;内容二:在对问题解决过程中产生和运用知识的特征、类型和内容等进行深入分析的基础上,构建一个多层次、多维度、多粒度的问题驱动知识表示模型,实现对生产现场知识体系结构全面而系统的描述;内容三:以问题驱动知识表示模型为概念框架,提出两个阶段的问题驱动知识获取方法,完成从生产实践到经验积累、到知识升华,再回到生产实践的知识持续创造过程;内容四:基于问题驱动知识表示模型的定性和定量特征,提出面向生产现场的问题驱动知识分析方法,通过知识类型分析、知识水平分析、知识相似度计算、知识确定性计算等,切实为生产现场管理工作服务;内容五:将所提出理论、方法和技术应用于制造企业知识管理实践,验证其可行性和有效性。
●
相关链接 在五车中查询图书 在当当中查询图书 在豆瓣中查询图书


正题名:中国汽车制造企业绿色竞争能力研究     索取号:F426.4/41         预约/预借

序号 登录号 条形码 馆藏地/架位号 状态 备注
1 2001039639   2001039639   悦读、辽宁混合/悦读天下/辽批145/ [索取号:F426.4/41] 在馆    
2 2001039640   2001039640   悦读、辽宁混合/悦读天下/辽批145/ [索取号:F426.4/41] 在馆    
3 2001039641   2001039641   悦读、辽宁混合/悦读天下/辽批145/ [索取号:F426.4/41] 在馆    
4 2001039642   2001039642   悦读、辽宁混合/悦读天下/辽批145/ [索取号:F426.4/41] 在馆    
5 2001039643   2001039643   悦读、辽宁混合/悦读天下/辽批145/ [索取号:F426.4/41] 在馆    
6 2001039644   2001039644   悦读、辽宁混合/悦读天下/辽批145/ [索取号:F426.4/41] 在馆    
山东省滨州职业学院图书馆 欢迎您!
大连网信软件有限公司© 版权所有